Mak nad zlato
Afganská polícia sa snaží ničiť rozmáhajúcu sa produkciu ópia. Prehľad nových plôch ópia a jeho produkcia v Afganistane. Politika kábulskej vlády. Cesty pašovania ópia a heroínu.
Na minha lista:
| Formato: | Capítulo de Livro |
|---|---|
| Idioma: | eslovaco |
| Assuntos: | |
| Tags: |
Sem tags, seja o primeiro a adicionar uma tag!
|
MARC
| LEADER | 00000naa a2200000 4500 | ||
|---|---|---|---|
| 001 | r049574 | ||
| 005 | 20230908083822.1 | ||
| 041 | 0 | |a slo | |
| 044 | |a SK | ||
| 245 | 1 | 0 | |a Mak nad zlato |
| 520 | |a Afganská polícia sa snaží ničiť rozmáhajúcu sa produkciu ópia. Prehľad nových plôch ópia a jeho produkcia v Afganistane. Politika kábulskej vlády. Cesty pašovania ópia a heroínu. | ||
| 610 | 2 | 0 | |a drogy |
| 610 | 2 | 0 | |a Afganistan |
| 610 | 2 | 0 | |a činnosť trestná |
| 610 | 2 | 0 | |a produkcia |
| 610 | 2 | 0 | |a pašeráctvo |